Scaling up the impact of agroforestry research : (Record no. 1363)
[ view plain ]
| 000 -LEADER | |
|---|---|
| fixed length control field | 00550cam a2200145 a 4500 |
| 020 ## - ISBN | |
| International Standard Book Number | 929059134X |
| 050 00 - LIBRARY OF CONGRESS CALL NUMBER | |
| Classification Number | S494.5.A45 |
| Item Number | C665 2000 |
| 100 1# - MAIN ENTRY--Author | |
| Personal name | Cooper, P. |
| Dates associated with a name | 1944- |
| 245 10 - TITLE | |
| Title | Scaling up the impact of agroforestry research : |
| Remainder of title | report of the Agroforestry Dissemination Workshop, 14-15 September, 1999, Nairobi, Kenya / |
| Statement of responsibility, etc | P.J.M. Cooper, G.L. Denning. |
| 260 ## - PUBLICATION, DISTRIBUTION, ETC.(IMPRINT) | |
| Place of publication, distribution, etc | Nairobi, Kenya : |
| Name of publisher, distributor, etc | International Centre for Research in Agroforestry, |
| Date of publication, distribution, etc | c2000. |
| 300 ## - PHYSICAL DESCRIPTION | |
| Extent | iii, 43 p. : |
| 650 #0 - SUBJECT--TOPIC | |
| General subdivision | Research |
| Form subdivision | Congresses. |
| 700 1# - ADDED ENTRY--PERSONAL AUTHOR | |
| Personal Name | Denning, G. L. |
| 942 ## - ADDED ENTRY ELEMENTS(KOHA) | |
| Koha item type | General circulation |
| Source of classification or shelving scheme | Not for loan | Location (home branch) | Sublocation (holding branch) | Date accessioned | Cost, normal purchase price | Full call number | Barcode | Cost, replacement price | Koha item type | Public note |
|---|---|---|---|---|---|---|---|---|---|---|
| Library of Congress Classification | Main Campus Library | Main Campus Library | 21/08/2014 | 1821.78 | S494.5.A45 C665 2000 | 2019/023541 | 2321.00 | General circulation | leo |